Les personnages de 7 deadly sins - Statistiques

Statistiques générales
  • Ce quiz a été pris 192 fois
  • Le résultat moyen est 25 sur 59
Statistiques - réponses
Indices Personnages % Correct
Héros principale Meliodas
100%
Il était immortel Ban
97%
Reine du clan des géants Diane
95%
Le soleil c’est son arme secrète Escanor
93%
Roi des fées King
93%
Sorcière qui fait des expériences Merlin
92%
Femme du héros Elizabeth
90%
Chef des reste culinaire Hawk
88%
Pantin semi meuf Gowther
79%
Commandement de l’altruisme ( vrai ) Gowther
79%
Commandement de la piété Zeldris
76%
Roi de camelot et roi du chaos Arthur
73%
Fils de l’ancien maître des chevalier sacrée Gilthunder
67%
Sœur du grizzli et femme du renard Elaine
58%
Commandement de la charité Estarossa
58%
Elle a le Beghin pour ban Jericho
57%
Ancien maître des chevaliers sacrée qui avais été possédé Dreyfus
52%
Chiens du roi des fées Oslo
50%
Roi de liones Bartra
49%
Elle protège son petit frère Guila
49%
1ère princesse de la fratrie Margaret
47%
Meilleur ami du roi des fées Helbram
45%
L’archange du soleil Maël
45%
Véritable grand maître des chevaliers sacrée mort assassiné Zaratras
45%
Commandement de la réticence Monspiet
44%
Commandement de la vérité Galand
43%
Ancien maître des chevaliers sacrée qui avais créer la nouvelle génération Hendrickson
43%
2ème princesse de la fratrie Veronica
42%
Les tornades il aime sa Howzer
41%
Commandement de la foi Melascula
38%
Fils de l’ancien maître des chevaliers sacrée Griamore
37%
Commandement de la patience Dolor
35%
Commandement du repos Gloxinia
34%
Moyen de transport du boar hat Mama hawk
34%
Commandement de l’altruisme ( substitut ) Fraudrin
32%
106 réincarnation de la princesse Liz
32%
Chef du clan des démons Roi des démons
28%
Commandement de la pureté Derierie
27%
L’archange de la trombe Sariel
27%
L’archange de l’océan Tarmiel
27%
Meilleurs ami du serpent Matrona
26%
Sorcière qui aime l’ancien maître des chevaliers sacrée Vivian
25%
Femme du commandement de la piété Gelda
22%
Mentor du héros Chandler
19%
Frere du roi de liones Denzel
19%
Chef du clan des déesse Divinité suprême
19%
Frere du porc Wild
19%
L’archange de l’éclair Ludociel
18%
Protecteur du roi de liones Slader
17%
Mentor du commandement de la piété Cusack
14%
Samourai et mentor du roi du chaos Nanashi
13%
Femme de là brigades des étoiles du ciel d’azur Deldry
12%
Commandement du pacifisme Graylord
12%
Fils du chaos Cath
11%
Chef des 6 chevalier noir Bellion
10%
Chef de là brigades des étoiles du ciel d’azur Death pierce
10%
Sœur du commandement du repos Gerharde
8%
Homme qui est amoureux de la femme des étoiles du ciel d’azur Arden
6%
Chef du clan des vampires Izraf
3%
Aucun quiz correspondant
Distribution des résultats
% des personnes avec chaque résultat
Percentile par nombre de réponses
Votre historique - résultats
Vous n’avez pas pris ce quiz